Откъде идва храната (Запис номер 207564)
[ съкратено ]
| 000 -Лидер | |
|---|---|
| Контролно поле с фиксирана дължина | 01624nam a2200397 a 4500 |
| 003 - Код на организацията, давaща контролен номер | |
| Контролно поле | BLK |
| 005 - Дата и час на последна редакция | |
| Контролно поле | 20250708135249.0 |
| 008 - Елементи от данни с фиксирана дължина | |
| fixed length control field | 180411b bul|||||r ||||||| ||bul|| |
| 010 ## - Наследен системен номер | |
| LC control number | KNG00217331000 |
| 020 ## - Международен стандартен номер на книга ISBN | |
| Международен стандартен номер на книга ISBN | 978-619-151-384-0 |
| 040 ## - Източник на каталожния запис | |
| Идентификатор на билиотеката - собственик на записа | BLK |
| 041 ## - Код за език | |
| Код за езика на текст/звукозапис или на отделно заглавие | Български |
| Код за езика КДБФ | Български |
| 072 ## - Код за тематичната категория | |
| 9 (RLIN) | 178282 |
| Код за тематична категория | Н86 |
| Текст | Детска отраслова литература Н |
| 080 ## - УДК | |
| Текстов определител УДК | Хранителни продукти. Хранене |
| УДК код - определител по УДК | 641/642 |
| УДК определител | (02.053.2) |
| УДК - код + определител | 641/642(02.053.2) |
| 080 ## - УДК | |
| Текстов определител УДК | Хранителна и консервна промишленост |
| УДК код - определител по УДК | 664 |
| УДК определител | (02.053.2) |
| УДК - код + определител | 664(02.053.2) |
| 100 1# - Редна дума - Автор | |
| Автор | Иванова, Виктория Иванчева |
| Авторска отговорност | първи автор |
| R(LIN) | 71296 |
| 139 ## - Редно поле | |
| Редна дума | Иванова, Виктория Иванчева |
| Авторски знак | Иванова - И 22 |
| 245 10 - Сведения за заглавието | |
| Заглавие | Откъде идва храната |
| Редно поле (дума) | Виктория Иванова ; ил. Стелияна Донева |
| 257 ## - Страна на издаване | |
| Страна на създаване/издаване | България |
| 260 ## - Област на издателските данни | |
| Година на издаване | 2017 |
| Място на издаване, разпространение и проч. | София |
| 9 (RLIN) | 209582 |
| Име на издателя, разпространителя и проч. | СофтПрес |
| Печатница | Добрич : ФолиАрт |
| 300 ## - Физическа характеристика | |
| Страници | 96 с. |
| Илюстрации и др. | с цв. ил. |
| Размери/Мащаб | 24 см |
| 380 ## - Жанр | |
| Жанр | Детска отраслова лит. |
| 490 ## - СЕРИИ (Колекции) | |
| 9 (RLIN) | 389475 |
| Име на серия | Енциклопедия Любознайко |
| №: серия | 1 |
| 500 ## - Общи забележки | |
| Забележка | Името на авт. отбелязано в изд. каре. |
| 659 #7 - Тематичен бюлетин | |
| 9 (RLIN) | 178160 |
| Тематичен бюлетин | Н |
| Тематичен бюлетин - текст | Нови книги |
| 700 ## - Други автори (авторска отговорност) | |
| 9 (RLIN) | 599 |
| Лично име | Донева, Стелияна Христова |
| Автороска отговорност (Описва отношението между автора и произведението) | ил. |
| 852 ## - Местоположение | |
| Форматна сигнатура | Цб 289507 |
| 856 4# - Електронен адрес и достъп | |
| Електронен формат | pdf - файл |
| 856 4# - Електронен адрес и достъп | |
| Електронен формат | pdf - файл |
| 999 ## - СИСТЕМНИ КОНТРОЛНИ НОМЕРА | |
| Koha biblionumber | 207564 |
| Koha biblioitemnumber | 207564 |
| 942 ## - АРТИКУЛИ | |
| Вид на библиотечния материал | Книги |
| Скрит в OPAC | Не |
| Koha issues (borrowed), all copies | 24 |
| Периодичен библиозапис | Да |
| 944 ## - СЪЗДАВАНЕ И РЕДАКЦИЯ на ЗАПИСА | |
| Създаване/Редакция | Създаване |
| Дата на регистрацията/редакция | 21.03.2018 |
| Служител, извършил регистрацията/редакцията | 30551 |
| Статус, дата на статуса | Бояна Костадинова |
| 944 ## - СЪЗДАВАНЕ И РЕДАКЦИЯ на ЗАПИСА | |
| Създаване/Редакция | Редакция |
| Дата на регистрацията/редакция | 27.03.2018 |
| Служител, извършил регистрацията/редакцията | Виолета_Тройчева |
| 999 ## - СИСТЕМНИ КОНТРОЛНИ НОМЕРА | |
| Koha biblioitemnumber | 207564 |
| 999 ## - СИСТЕМНИ КОНТРОЛНИ НОМЕРА | |
| Koha biblioitemnumber | 207564 |
| 999 ## - СИСТЕМНИ КОНТРОЛНИ НОМЕРА | |
| Koha biblioitemnumber | 207564 |
| Код за отписване | Код за изгубен артикул | Код за повреда | Коз за рестрикции | Код за отдаване | Артикулен № | Име на библиотеката - собственик | Име на библиотеката, в която се намира в момента | Статус (Текущо местоположение) | Дата на вписване в системата | Местоположение - отдел | Цена в лева | Инвентарен номер | Баркод | Номер на екземпляра | Цена в евро | Служебна бележка | Служебен тип на артикула | Източник на класификационната схема | Систематично азбучна сигнатура |
|---|---|---|---|---|---|---|---|---|---|---|---|---|---|---|---|---|---|---|---|
| Не е изгубен | Не е повреден | без рестрикции | заемане за дома | 358420 | Регионална библиотека "Любен Каравелов" Русе | Регионална библиотека "Любен Каравелов" Русе | Детски отдел | 2018-03-14 | Детски отдел | 4.80 | 120000820130 | 120000820130 | 1 | 2.45 | Дост: Pk Вид: Ф N: 70703 Дата: 14.03.2018 | Книги | |||
| Не е изгубен | Не е повреден | заемане за дома | 678165 | Регионална библиотека "Любен Каравелов" Русе | Регионална библиотека "Любен Каравелов" Русе | Хранилище | 2018-07-04 | Хранилище | 6.99 | 120000820832 | 120000820832 | 3.57 | Книги | Universal Decimal Classification | Цб 289507 | ||||
| Не е изгубен | Не е повреден | без рестрикции | заемане за дома | 861686 | Регионална библиотека "Любен Каравелов" Русе | Регионална библиотека "Любен Каравелов" Русе | Детски отдел | 2021-11-12 | Детски отдел | 4.89 | 120000862423 | 2.50 | Книги | Universal Decimal Classification | 62/И 22 В | ||||
| Не е изгубен | Не е повреден | без рестрикции | заемане за дома | 861687 | Регионална библиотека "Любен Каравелов" Русе | Регионална библиотека "Любен Каравелов" Русе | Детски отдел | 2021-11-12 | Детски отдел | 4.89 | 120000862422 | 2.50 | Книги | Universal Decimal Classification | 62/И 22 В | ||||
| Не е изгубен | Не е повреден | без рестрикции | заемане за дома | 861688 | Регионална библиотека "Любен Каравелов" Русе | Регионална библиотека "Любен Каравелов" Русе | Детски отдел | 2021-11-12 | Детски отдел | 4.89 | 120000862421 | 2.50 | Книги | Universal Decimal Classification | 62/И 22 В |